Resumen del censo de edificios y viviendas de 1951 Republica de Colombia
Gespeichert in:
| Format: | Buch |
|---|---|
| Sprache: | Spanisch |
| Veröffentlicht: |
Bogota
Departmento administrativo nacional de estadistica
1957
|
| Tags: |
Keine Tags, Fügen Sie das erste Tag hinzu!
|
MARC
| LEADER | 00000nam a2200000 4500 | ||
|---|---|---|---|
| 001 | c122925 | ||
| 005 | 20041019155226.8 | ||
| 041 | 0 | |a spa | |
| 044 | |a CO | ||
| 245 | 1 | 0 | |a Resumen del censo de edificios y viviendas de 1951 |b Republica de Colombia |
| 264 | 1 | |a Bogota |b Departmento administrativo nacional de estadistica |c 1957 | |
| 300 | |a 98 s. | ||